| 000 | 00000nas 2200000za 4500 |
| 001 | 9.858969 |
| 003 | CaOODSP |
| 005 | 20221107160132 |
| 007 | cr ||||||||||| |
| 008 | 180712d19701976oncar p oss f0###a0eng|d |
| 040 | |aCaOODSP|beng |
| 041 | |aeng|afre |
| 043 | |an-cn--- |
| 086 | 1 |aCS26-207-PDF |
| 245 | 00|aContract drilling for petroleum and other contract drilling |h[electronic resource] = |bForage de puits de pétrole à forfait et autre forage à forfait. |
| 246 | 11|aForage de puits de pétrole à forfait et autre forage à forfait. |
| 260 | |aOttawa : |bStatistics Canada, Manufacturing and Primary Industries Division, |c1973-1979. |
| 300 | |a7 v. |
| 310 | |aAnnual |
| 362 | 0 |a1970-1976. |
| 500 | |aDigitized edition from print [produced by Statistics Canada]. |
| 500 | |a"S.I.C. -- C.A.E. 096, 098." |
| 546 | |aText in English and French. |
| 580 | |aContinues: Contract drilling for the mining industry. |
| 692 | 07|2gccst|aMining industry |
| 692 | 07|2gccst|aPetroleum industry |
| 692 | 07|2gccst|aDrilling |
| 710 | 1 |aCanada. |bStatistics Canada. |bManufacturing and Primary Industries Division. |
| 780 | 00|tContract drilling in the mining industry |w(CaOODSP)9.822957 |
| 792 | |tContract drilling for petroleum and other contract drilling |efre|w(CaOODSP)9.858976 |